Svetové ceny pšenice, kukurice a ryže najnižšie za sto rokov

Potravinové zdroje a výživa - významný problém rozvoja svetovej ľudskej populácie. Intenzívne narastajúci počet obyvateľov našej planéty vyvoláva zvýšený dopyt po potravinách (hlavne v rozvojových krajínách). Predpoklady mobilizácie potravinových zdrojov.

Na minha lista:
Detalhes bibliográficos
Autor principal: Sommer, Alexander
Formato: Capítulo de Livro
Idioma:eslovaco
Assuntos:
Tags: Adicionar Tag
Sem tags, seja o primeiro a adicionar uma tag!

MARC

LEADER 00000naa a2200000 4500
001 r046469
005 20230925130104.6
041 0 |a slo 
044 |a SK 
245 1 0 |a Svetové ceny pšenice, kukurice a ryže najnižšie za sto rokov  |c Alexander Sommer 
520 |a Potravinové zdroje a výživa - významný problém rozvoja svetovej ľudskej populácie. Intenzívne narastajúci počet obyvateľov našej planéty vyvoláva zvýšený dopyt po potravinách (hlavne v rozvojových krajínách). Predpoklady mobilizácie potravinových zdrojov. 
610 2 0 |a výživa 
610 2 0 |a populácia 
610 2 0 |a pšenica 
610 2 0 |a kukurica 
610 2 0 |a ryža 
610 2 0 |a ceny svetové 
610 2 0 |a spotreba potravín 
610 2 0 |a krajiny rozvojové 
610 2 0 |a svet 
100 1 |a Sommer, Alexander